000 00774nam a2200253 a 4500
001 000019311
005 20240502132913.0
008 100601s2007 sp a 000 0 spa d
020 _a9781405490436
040 _aDO-SdBNP
_bspa
_cBNPHU
082 _a291
_bT318r
100 1 _aTerhart, Franjo
_941535
245 1 0 _aReligiones del mundo :
_borígenes, historia, prácticas, creencias, cosmovisión /
_cFranjo Terhart, Janina Schulze.
260 _aBarcelona :
_bParragon books,
_c2007.
300 _a320 p. :
_bil. ;
_c30 cm.
500 _aIncluye índice alfabético
650 4 _aReligiones
_94283
650 0 _aCristianismo
_9885
650 4 _aIslamismo
_941536
650 4 _aHinduismo
_9689
650 4 _aBudismo
_93429
650 4 _aJudaismo
_924148
049 _aBNPD
999 _c18829
_d18829